000 00997nam a22003137a 4500
003 CHAP
005 20220329135706.0
008 971013s1992 r 00010 d
010 _a40641
011 _a41613
035 _a45739
040 _cCHAP
082 _a581.16
_bW9
100 0 0 _aWyatt, Robert
_eed.
_9122844
245 _aEcology and evolution of plant reproduction
_b: new approaches
260 _aNew York :
_bChapman & Hall,
_c1992
300 _a397 p.
590 _aBATCH-UPD
_b10
_c20130110
_lUCH01
_h0102
590 _aBATCH-UPD
_b10
_c20130110
_lUCH01
_h2001
590 _aBATCH-UPD
_b10
_c20130410
_lUCH01
_h1320
590 _aBATCH-UPD
_b10
_c20130914
_lUCH01
_h1250
590 _aCONVERSION
_b10
_c20130109
_lUCH01
_h1322
650 1 4 _aEcología vegetal.
_935188
650 1 4 _aEvolución (Plantas)
_939010
650 1 4 _aPlantas
_xReproducción.
_988879
901 _aBK
942 _cLIBRO
949 _a581.16 W9
_bBC
_cLIBRO
_d33724000003810
_eLIBRO
_gI.179224
_h88617
_i45739
_si
_t567.00
999 _c40641
_d40641